| 000 | 00681nam a2200181 a 4500 | ||
|---|---|---|---|
| 001 | 000039208 | ||
| 005 | 20201002031538.0 | ||
| 008 | 130611s1999 sp 000 0 spa d | ||
| 020 | _a8400078268 | ||
| 040 |
_aDO-SdBNP _bspa _cBNPHU |
||
| 245 | 0 | 0 |
_aAproximación al teatro español universitario (TEU) / _ceditor Luciano García Lorenzo (ed.). |
| 260 |
_aMadrid : _bConsejo Superior de Investigaciones Científicas, _c1999. |
||
| 300 |
_a310 p. ; _c25 cm. |
||
| 490 | 1 |
_aAnejos de revista de literatura _v46 |
|
| 700 | 1 |
_aGarcía Lorenzo, Luciano _eed. _912617 |
|
| 710 | 2 |
_aConsejo Superior de Investigaciones Científicas, _94786 |
|
| 830 | 0 |
_aAnejos de revista de literatura _915426 |
|
| 999 |
_c38698 _d38698 |
||